| 000 | 00489nam a2200169Ia 4500 | ||
|---|---|---|---|
| 999 |
_c23169 _d23169 |
||
| 003 | OSt | ||
| 005 | 20200323110110.0 | ||
| 008 | 190216s9999||||xx |||||||||||||| ||und|| | ||
| 040 | _coclc | ||
| 082 |
_a297.4 _bNIC/M |
||
| 100 |
_aNicholson, Reynold A _92157 |
||
| 245 | 4 |
_aThe Mystics Of Islam / _cReynold A Nicholson |
|
| 260 |
_bIndigo Books, _c2002. _aNew Delhi: |
||
| 300 | _a148p | ||
| 650 | _aIslamic History | ||
| 942 |
_cBK _2ddc _h297.4 _iNIC/M _k297.4 _mNIC/M |
||